Analýza vzťahov materskej a dcérskej spoločnosti na príklade spoločnosti Tracon Slovakia, s.r.o. diplomová práca

Salvato in:
Dettagli Bibliografici
Autore principale: Kolláriková, Viktória
Ente Autore: Fakulta podnikového manažmentu EU. Katedra manažmentu
Altri autori: Füzyová, Ľubica
Natura: Libro
Lingua:slovacco
Pubblicazione: Bratislava 2010
Tags: Aggiungi Tag
Nessun Tag, puoi essere il primo ad aggiungerne!!

MARC

LEADER 00000nam a2200000 4500
001 0119777
005 20240318121819.9
041 0 |a slo 
044 |a SK 
245 1 0 |a Analýza vzťahov materskej a dcérskej spoločnosti na príklade spoločnosti Tracon Slovakia, s.r.o.  |b diplomová práca  |c Viktória Kolláriková ; škol. Ľubica Füzyová 
264 1 |a Bratislava  |c 2010 
300 |a 74 s. 
100 1 |a Kolláriková, Viktória 
700 1 |a Füzyová, Ľubica 
710 2 |a Fakulta podnikového manažmentu EU. Katedra manažmentu